Public law/ (Record no. 10828)
[ view plain ]
| 000 -LEADER | |
|---|---|
| fixed length control field | 00621nam a22001937a 4500 |
| 008 - FIXED-LENGTH DATA ELEMENTS--GENERAL INFORMATION | |
| fixed length control field | 090212t xxu||||| |||| 00| 0 eng d |
| 020 ## - INTERNATIONAL STANDARD BOOK NUMBER | |
| International Standard Book Number | 9780199299539 |
| 082 ## - DEWEY DECIMAL CLASSIFICATION NUMBER | |
| Edition number | 22 |
| Classification number | 342 |
| Item number | CLE |
| 100 ## - MAIN ENTRY--PERSONAL NAME | |
| 9 (RLIN) | 2123 |
| Personal name | Clements, Richard, |
| Dates associated with a name | 1954- |
| 245 ## - TITLE STATEMENT | |
| Title | Public law/ |
| Statement of responsibility, etc | Richard Clements, Jane Kay. |
| 250 ## - EDITION STATEMENT | |
| Edition statement | 4th ed., 2007-2008 |
| 260 ## - PUBLICATION, DISTRIBUTION, ETC. (IMPRINT) | |
| Place of publication, distribution, etc | Oxford : |
| Name of publisher, distributor, etc | Oxford University Press, |
| Date of publication, distribution, etc | 2007 |
| 300 ## - PHYSICAL DESCRIPTION | |
| Extent | xvi, 200 p. ; |
| Dimensions | 24 cm. |
| 490 ## - Series Statement | |
| Series statement | Questions & Answers. |
| 500 ## - GENERAL NOTE | |
| General note | Includes index. |
| 650 ## - SUBJECT ADDED ENTRY--TOPICAL TERM | |
| 9 (RLIN) | 2124 |
| Topical term or geographic name as entry element | Public law |
| Form subdivision | -- Examinations, questions, etc. |
| Geographic subdivision | --Great Britain |
| 700 ## - ADDED ENTRY--PERSONAL NAME | |
| 9 (RLIN) | 2125 |
| Personal name | Kay, Jane. |
| 942 ## - ADDED ENTRY ELEMENTS (KOHA) | |
| Source of classification or shelving scheme | Dewey Decimal Classification |
| Item type | Book - Borrowing |
| Withdrawn status | Item status | Source of classification or shelving scheme | Damaged status | Not for loan | Vendor | Home library | Current library | Shelving location | Date acquired | Cost, normal purchase price | Serial Enumeration / chronology | Total Checkouts | Total Renewals | Full call number | Barcode | Date last seen | Date last borrowed | Cost, replacement price | Koha item type |
|---|---|---|---|---|---|---|---|---|---|---|---|---|---|---|---|---|---|---|---|
| Dewey Decimal Classification | Alahram | Central Library | Central Library | First floor | 12/02/2009 | 116.90 | 6465 | 7 | 14 | 342 CLE | 000014799 | 15/01/2026 | 18/12/2025 | 250.00 | Book - Borrowing |